000 01162nam0a22002771 4500
001 rc\4383525
005 20260406200303.0
021 _aRU
_b[58-19994]
035 _a(NLR Aleph) 008549424
090 _a8396996
_c8396996
100 _a20130416d1957 |||y0rusy50 ca
101 0 _arus
102 _aRU
105 _ay z |||||
200 1 _aВоспитываем в коллективе
_eИз опыта пед. работы
_e[Сборник статей]
_fТул. обл. ин-т усовершенствования учителей
210 _aТула
_cКн. изд-во
_d1957
215 _a104 с.
_d20
225 1 _aБиблиотечка "В помощь учителю"
606 _aУчебно-воспитательная работа в школе
_jСборники
_2psbo
606 _aДетский коллектив
_xОрганизация
_jСборники
_2psbo
712 0 2 _aТульский областной институт усовершенствования учителей
_3RU\NLR\AUTH\889959768
_9415742
801 0 _aRU
_bNLR
_gpsbo
801 1 _aRU
_bELAR
_2rusmarc
852 _aNLR
_j58-3/1984
942 _cBOOK
980 _aNB